000 01213nam a2200229Ia 4500
001 L371-24672
003 IT-CnALBA
008 170116s9999||||xx |||||||||||||| ||und||
040 _aIT-CnALBA
_cIT-CnALBA
041 _aITALIANO
100 _aDE DOMINICIS SAVERIO
245 0 _aLETTURE DI MORALE E PEDAGOGIA.
250 _a1a ed.
260 _aTORINO
_bPARAVIA G.B. & C. STAMP. REALE
_c1907 [1° Ed.:1907 - Ed.Ling.Originale: 1907]
300 _a614 p.
500 _aPREFAZIONE DELL'AUTORE. SCIENZA E MORALE GENERALE. SOCIETÀ E MORALE INDIVIDUALE. E MORALE FAMILIARE. E MORALE CIVICA. SOCIETÀ MORALITÀ EDUCAZIONE. EDUCAZIONE ED EDUCANDO. SCUOLA ED EDUCAZIONE. LA SCUOLA E IL SUO GOVERNO. ISTURZIONE MATERIE D'INSEGNAMENTO
501 _aSocietà San Paolo EM - Piazza San Paolo, 14 - 12051 ALBA (CN) (non commercial uses only) ® Copyright 2017
520 _aPREFAZIONE DELL'AUTORE. SCIENZA E MORALE GENERALE. SOCIETÀ E MORALE INDIVIDUALE. E MORALE FAMILIARE. E MORALE CIVICA. SOCIETÀ MORALITÀ EDUCAZIONE. EDUCAZIONE ED EDUCANDO. SCUOLA ED EDUCAZIONE. LA SCUOLA E IL SUO GOVERNO. ISTURZIONE MATERIE D'INSEGNAMENTO
650 _aISTRUZIONE - EDUCAZIONE
942 _cBK
957 _71
999 _a29449
_bSI
_g Copie: 1
_c283786
_d283786